000 00861nam a22002657a 4500
005 20170123162331.0
010 _aA-431167
020 _c12.00
035 _aA-431167
037 _bCen Lib/Ret
040 _aDPL
_bUR
082 _aن
_bی ش پ
100 _aیش پال
_9121490
245 _aآدمی کے روپ /
_cیش پال ؛ مرتجم سہل عظیم آبادی
246 _aAdami ke roop /
_bby Yashpaal ; translated by Sahil Azimabadi
260 _aنیی دہلی
_bنیشنل بک ٹرسٹ انڈیا
_c[s.n.]
270 _bنیی دہلی
_e110001
300 _a296p.
_c19cm(Hb)
650 _a ادب -- ہندی
_9121491
650 _a ہندی ناول
_9547
650 _aLiterature -- Hindi
_983958
650 _aHindi Novel
_9121492
700 _aسہل عظیم آبادی
_9121493
942 _2ddc
_cUR
_hن
_mی ش پ
999 _c107782
_d107782